La Liga 2015-2016 Top scorers - Statistics

General Stats
  • This quiz has been taken 25 times
  • The average score is 8 of 10
Answer Stats
Goals Nationality Club Player % Correct
35 Portugal Real Madrid Cristiano Ronaldo
100%
26 Argentina Barcelona Lionel Messi
100%
40 Uruguay Barcelona Luis Suárez
100%
24 Brazil Barcelona Neymar
100%
22 France Atlético Madrid Antoine Griezmann
96%
19 Wales Real Madrid Gareth Bale
96%
24 France Real Madrid Karim Benzema
96%
20 Spain Athletic Bilbao Aritz Aduriz
68%
19 Spain WaReal Betisles Rubén Castro
12%
18 Spain Eibar Borja Bastón
8%
No matching quizzes found
Score Distribution
Percent of People with Each Score
Percentile by Number Answered
Your Score History
You have not taken this quiz